| 000 | 01432nam a2200181 i 4500 | ||
|---|---|---|---|
| 001 | 115613 | ||
| 003 | ES-MaACL | ||
| 005 | 20230906190518.0 | ||
| 007 | t| | ||
| 008 | 070417s1868 sp ||||1| spa d | ||
| 245 | 0 | 0 |
_aTeatro selecto, antiguo y moderno, nacional y extranjero _b: tomo V / _ccoleccionado é ilustrado con una introducción, notas, observaciones críticas, y biografías de los principales autores por Cayetano Vidal y Valenciano. |
| 250 | _aEd. correcta, exornada con retratos y viñetas alusivas al texto. | ||
| 260 |
_aBarcelona : _bSalvador Manero, _c1868. |
||
| 300 |
_a1010 p. : _bil. ; _c28 cm. |
||
| 505 | 8 | _aContiene: El Cid ; Horacio ; Cinna Poliuto ; El Mentiroso / Corneille -- Andrómaca ; Británico ; Mitridates ; Ifigenia ; Fedra ; Atalía / Racine -- La Escuela de los maridos ; El Hipócrita ; El Misántropo ; El Médico á palos ; El Avaro ; El Enfermo imaginario / Molière -- El Jugador ; El Distraído ; El Heredero universal / Regnard -- Manlio / Lafosse -- Zaira ; La Muerte del César ; Merope / Voltaire -- Engañar con la verdad ; Juegos de amor y azar / Marivaux -- La Metromanía / Pirón -- El Barbero de Sevilla ; Las Bodas de Fígaro ; Otro Hipócrita, ó la Madre culpable / Beaumarchais -- Carlos IX / Chenier -- Los Templarios / Raynouard -- Abufar / Ducis -- El Opresor de su familia / Duval | |
| 700 | 1 |
_aVidal y Valenciano, Cayetano. _9114529 |
|
| 852 |
_aES-MaACL _jF-3061 |
||
| 999 |
_c115613 _d115613 |
||